| 000 | 01218nam a22002897a 4500 | ||
|---|---|---|---|
| 003 | NALT | ||
| 005 | 20251212152951.0 | ||
| 008 | s2539 th tha d | ||
| 020 | _a9748899616 | ||
| 040 | _aNALT | ||
| 041 | _atha | ||
| 050 |
_aDS 578.32 _bน878ช 2539 |
||
| 100 | 0 |
_aเนื่อง นิลรัตน์, _945743 _cม.ล. |
|
| 245 | 1 | 0 |
_aชีวิตในวัง เล่ม 1 / _cม.ล.เนื่อง นิลรัตน์. |
| 250 | _aพิมพ์ครั้งที่ 3. | ||
| 260 |
_aกรุงเทพฯ : _bศรีสารา, _c2539. |
||
| 300 |
_a2 เล่ม : _bภาพประกอบ ; _c21 ซม. |
||
| 600 | 0 | 4 |
_953452 _aเนื่อง นิลรัตน์, _cม.ล. _xชีวประวัติ |
| 650 | 4 |
_aการปรุงอาหาร _911399 _zไทย |
|
| 650 | 4 |
_aราชสำนักและข้าราชสำนัก _917041 |
|
| 650 | 0 |
_aอาหารไทย _9557 |
|
| 850 | _aNALT | ||
| 856 | 4 | 0 | _uhttps://hdl.handle.net/20.500.14156/443934 |
| 942 |
_cGB _2lcc |
||
| 996 |
_asaiphon.d _bCATSTF _c2023-03-30 |
||
| 999 |
_c4098 _d4098 |
||
| 998 |
_j111 _k นางสาวพจพิณ พรมเอี่ยม |
||